مكتبة جامعة عجلون الوطنية

فهرس بحث المكتبة

Normal view MARC view
  • الخدمة الاجتماعية -- معجم مصطلحات -- العلوم الاجتماعية -- معجم مصطلحات

Entry Topical Term

Number of records used in: 1

001 - CONTROL NUMBER

  • control field: 21889

003 - CONTROL NUMBER IDENTIFIER

  • control field: JO-AjAnu

005 - DATE AND TIME OF LATEST TRANSACTION

  • control field: 20230606073803.0

008 - FIXED-LENGTH DATA ELEMENTS

  • fixed length control field: 230606|| aca||aabn | a|a d

040 ## - CATALOGING SOURCE

  • Original cataloging agency: JO-AjAnu
  • Transcribing agency: JO-AjAnu

150 ## - HEADING--TOPICAL TERM

  • Topical term or geographic name entry element: الخدمة الاجتماعية -- معجم مصطلحات -- العلوم الاجتماعية -- معجم مصطلحات

670 ## - SOURCE DATA FOUND

  • Source citation: Work cat.: (JO-AjAnu)11248: الدخيل، عبد العزيز عبد الله , author 21888,  معجم مصطلحات الخدمة الاجتماعية والعلوم الاجتماعية : إنجليزي-عربي